MARC details
| 000 -LEADER |
| fixed length control field |
01690cam a2200433 i 4500 |
| 001 - CONTROL NUMBER |
| control field |
117506 |
| 003 - CONTROL NUMBER IDENTIFIER |
| control field |
TR-AnTOB |
| 005 - DATE AND TIME OF LATEST TRANSACTION |
| control field |
20230809001252.0 |
| 007 - PHYSICAL DESCRIPTION FIXED FIELD--GENERAL INFORMATION |
| fixed length control field |
ta |
| 008 - FIXED-LENGTH DATA ELEMENTS--GENERAL INFORMATION |
| fixed length control field |
170721t20152015tu a b 000 0 tur |
| 010 ## - LIBRARY OF CONGRESS CONTROL NUMBER |
| LC control number |
2015346736 |
| 020 ## - INTERNATIONAL STANDARD BOOK NUMBER |
| International Standard Book Number |
9789754649727 |
| Qualifying information |
(paperback) |
| 035 ## - SYSTEM CONTROL NUMBER |
| System control number |
(TR-AnTOB)117506 |
| 040 ## - CATALOGING SOURCE |
| Original cataloging agency |
DLC |
| Language of cataloging |
eng |
| Description conventions |
rda |
| Transcribing agency |
DLC |
| Modifying agency |
TR-AnTOB |
| 041 0# - LANGUAGE CODE |
| Language code of text/sound track or separate title |
Türkçe |
| 042 ## - AUTHENTICATION CODE |
| Authentication code |
pcc |
| -- |
lcode |
| 043 ## - GEOGRAPHIC AREA CODE |
| Geographic area code |
a-tu--- |
| 050 00 - LIBRARY OF CONGRESS CALL NUMBER |
| Classification number |
KKX80.C65 |
| 090 ## - LOCALLY ASSIGNED LC-TYPE CALL NUMBER (OCLC); LOCAL CALL NUMBER (RLIN) |
| Classification number (OCLC) (R) ; Classification number, CALL (RLIN) (NR) |
KKX80.C65 |
| Local cutter number (OCLC) ; Book number/undivided call number, CALL (RLIN) |
G87 2015 |
| 100 1# - MAIN ENTRY--PERSONAL NAME |
| Personal name |
Gürler, Fazıl, |
| Dates associated with a name |
1965- |
| Relator term |
author |
| 9 (RLIN) |
121741 |
| 245 10 - TITLE STATEMENT |
| Title |
(Yargıtay kararları ışığında) teknik ve hukuksal yönleriyle bilişim alanında suçlar / |
| Statement of responsibility, etc. |
Av. Fazıl Gürler. |
| 246 30 - VARYING FORM OF TITLE |
| Title proper/short title |
Teknik ve hukuksal yönleriyle bilişim alanında suçlar |
| 264 #1 - PRODUCTION, PUBLICATION, DISTRIBUTION, MANUFACTURE, AND COPYRIGHT NOTICE |
| Place of production, publication, distribution, manufacture |
Ankara : |
| Name of producer, publisher, distributor, manufacturer |
Yetkin Yayınları, |
| Date of production, publication, distribution, manufacture, or copyright notice |
2015. |
|
| Date of production, publication, distribution, manufacture, or copyright notice |
©2015 |
| 300 ## - PHYSICAL DESCRIPTION |
| Extent |
215 pages, 1 unnumbered page ; |
| Dimensions |
24 cm |
| 336 ## - CONTENT TYPE |
| Content type term |
text |
| Content type code |
txt |
| Source |
rdacontent |
| 337 ## - MEDIA TYPE |
| Media type term |
unmediated |
| Media type code |
n |
| Source |
rdamedia |
| 338 ## - CARRIER TYPE |
| Carrier type term |
volume |
| Carrier type code |
nc |
| Source |
rdacarrier |
| 500 ## - GENERAL NOTE |
| General note |
Originally presented as author's thesis (masters)--Çankaya Üniversitesi, 2013. |
| 504 ## - BIBLIOGRAPHY, ETC. NOTE |
| Bibliography, etc. note |
|
| 650 #7 - SUBJECT ADDED ENTRY--TOPICAL TERM |
| Topical term or geographic name entry element |
Bilgisayar suçları |
| Geographic subdivision |
Türkiye |
| Source of heading or term |
etuturkob |
| 9 (RLIN) |
116125 |
|
| Topical term or geographic name entry element |
İnternet |
| General subdivision |
Hukuk ve mevzuat |
| Geographic subdivision |
Türkiye |
| Source of heading or term |
etuturkob |
| 9 (RLIN) |
34088 |
|
| Topical term or geographic name entry element |
Bilgisayar ağları |
| General subdivision |
Hukuk ve mevzuat |
| Geographic subdivision |
Türkiye |
| Source of heading or term |
etuturkob |
| 9 (RLIN) |
116123 |
|
| Topical term or geographic name entry element |
İnternet dolandırıcılığı |
| Geographic subdivision |
Türkiye |
| Source of heading or term |
etuturkob |
| 9 (RLIN) |
121744 |
|
| Topical term or geographic name entry element |
Ceza hukuku |
| Geographic subdivision |
Türkiye |
| Source of heading or term |
etuturkob |
| 9 (RLIN) |
48989 |
| 856 42 - ELECTRONIC LOCATION AND ACCESS |
| Materials specified |
Publisher description |
| Uniform Resource Identifier |
<a href="https://yetkin.com.tr/bilisim-alanindaki-suclar-ch924?search=faz%C4%B1l%20g%C3%BCrler">https://yetkin.com.tr/bilisim-alanindaki-suclar-ch924?search=faz%C4%B1l%20g%C3%BCrler</a> |
| 942 ## - ADDED ENTRY ELEMENTS (KOHA) |
| Source of classification or shelving scheme |
Library of Congress Classification |
| Koha item type |
Book |